<?xml version="1.0" encoding="UTF-8"?>
<marc:record xmlns:marc="http://www.loc.gov/MARC21/slim">
   <marc:leader>00000nam a2200000 a 4500</marc:leader>
   <marc:datafield ind1="1" ind2=" " tag="100">
      <marc:subfield code="a">Watzinger, Liane</marc:subfield>
      <marc:subfield code="4">aut</marc:subfield>
      <marc:subfield code="e">Verfasser/-in</marc:subfield>
   </marc:datafield>
   <marc:datafield ind1="0" ind2="0" tag="245">
      <marc:subfield code="a">Umweltschutz und Nachhaltigkeit</marc:subfield>
   </marc:datafield>
   <marc:datafield ind1="0" ind2="0" tag="245">
      <marc:subfield code="b">Firmlinge bringen neue Ideen in die Bibliothek</marc:subfield>
   </marc:datafield>
   <marc:datafield ind1="0" ind2="0" tag="245">
      <marc:subfield code="c">Liane Watzinger</marc:subfield>
   </marc:datafield>
   <marc:datafield ind1=" " ind2="1" tag="264">
      <marc:subfield code="a">Katsdorf</marc:subfield>
      <marc:subfield code="b">Öffentliche Bibliothek der Pfarre und Gemeinde Katsdorf</marc:subfield>
      <marc:subfield code="c">2025</marc:subfield>
   </marc:datafield>
   <marc:datafield ind1="1" ind2=" " tag="490">
      <marc:subfield code="a">EA-Kurs 165</marc:subfield>
   </marc:datafield>
   <marc:datafield ind1="1" ind2=" " tag="520">
      <marc:subfield code="a">Die Projektarbeit &#x84;Umweltschutz und Nachhaltigkeit &#x96; Firmlinge bringen neue Ideen in die Bibliothek&#x93; wurde von Liane Watzinger, ehrenamtliche Mitarbeiterin der Pfarr- und Gemeindebibliothek Katsdorf verfasst. Im Rahmen eines Projekts der Pfarr- und Gemeindebibliothek Katsdorf wurde gemeinsam mit Firmkandidat:innen ein partizipativer Zugang zum Thema Umweltschutz und Nachhaltigkeit entwickelt. Die Jugendlichen setzten sich spielerisch und praxisnah mit ökologischen Fragen auseinander, wählten passende Medien aus, gestalteten ein Themenfenster und verfassten einen Bericht für das örtliche Pfarrblatt. Ziel war es, Bewusstsein zu schaffen, Eigenverantwortung zu fördern und einen ersten Zugang zur Bibliothek als Ort der Mitgestaltung zu ermöglichen.</marc:subfield>
   </marc:datafield>
   <marc:datafield ind1=" " ind2=" " tag="041">
      <marc:subfield code="a">ger</marc:subfield>
   </marc:datafield>
   <marc:datafield ind1=" " ind2=" " tag="300">
      <marc:subfield code="a">9 Seiten, Illustrationen</marc:subfield>
   </marc:datafield>
</marc:record>
